[Event "Championnat de France 2014"]
[Site "Nimes"]
[Date "2014.08.28"]
[Round "11"]
[White "Bauer, Christian"]
[Black "Cornette, Matthieu"]
[Result "1-0"]
[WhiteElo "2658"]
[BlackElo "2533"]
[PlyCount "69"]
[EventDate "2014.??.??"]
[EventCountry "FRA"]

1. b3 e5 2. Bb2 Nc6 3. e3 Nf6 4. c4 d5 5. cxd5 Nxd5 6. a3 Bd6 7. Qc2 O-O 8. Nf3
Qe7 9. d3 f5 10. Nbd2 Bd7 11. Be2 b5 12. O-O Rae8 13. g3 e4 (13... Nf6 14. Rfe1
Ng4 15. Nf1 e4 16. N3d2 Nce5 17. d4 Nf7 18. f4 exf3 19. Bxf3 Ng5 20. Bg2 Ne4
21. Nf3 Qf7 22. a4 Be6 23. axb5 Bxb3 24. Qc1 Bc4 25. Rxa7 Bxb5 26. Ba3 Bxa3 27.
Qxa3 Qh5 28. Qb3+ {1-0 (28) Bauer,C (2585)-Remille,T (2151) Cap d'Agde 2006}) (
13... f4 14. exf4 exf4 15. Rfe1 fxg3 16. hxg3 Bxg3 17. fxg3 Qe3+ 18. Kg2 Qh6
19. Nf1 Ne3+ 20. Nxe3 Bh3+ 21. Kg1 Qxe3+ 22. Kh2 Bg4 23. Bf1 {1-0 (23) Prakash,
G (2332)-Deepan,C (2470) Mumbai IND 2011}) 14. dxe4 fxe4 15. Nh4 Nd8 16. Rad1
Nf7 $6 17. Qxe4 $1 Qg5 (17... Qxe4 18. Nxe4 Nxe3 19. Nxd6 Nxd1 20. Nxe8 Nxb2
21. Nxc7 {[%csl Yb2]}) 18. Ndf3 Rxe4 19. Nxg5 Nxg5 20. Rxd5 Nh3+ 21. Kg2 Bc6
22. Rxd6 cxd6 23. Kxh3 g5 24. g4 gxh4 25. Kxh4 Re6 26. Kg3 Bd5 27. Rc1 Ree8 28.
b4 a6 29. Rd1 Bb3 30. Rxd6 Rd8 31. Rxd8 Rxd8 32. Bd4 Rc8 33. Bf3 Rc1 34. Bb7
Kf7 35. Bxa6 1-0

[Event "Championnat de France 2014"]
[Site "Nimes"]
[Date "2014.08.28"]
[Round "11"]
[White "Maze, Sebastien"]
[Black "Chabanon, Jean-Luc"]
[Result "1-0"]
[WhiteElo "2565"]
[BlackElo "2485"]
[PlyCount "101"]
[EventDate "2014.??.??"]
[EventCountry "FRA"]

1. e4 c5 2. Nf3 d6 3. c3 Nf6 4. h3 Bd7 5. Bd3 Nc6 6. Bc2 Rc8 7. O-O e6 8. Re1
Be7 9. d3 O-O 10. Nbd2 (10. a3 Ne5 11. Nh2 Bc6 12. d4 Ng6 13. Nd2 cxd4 14. cxd4
e5 15. Ndf3 a6 16. Nf1 Nh5 17. Ne3 Nhf4 18. Nf5 Bd7 19. Be3 Re8 20. Qd2 Ne6 21.
Rad1 exd4 22. N3xd4 Nxd4 23. Nxe7+ Qxe7 24. Bxd4 Ne5 25. f4 Nc4 26. Qf2 f6 27.
Bb1 Qf7 28. Qh4 h6 29. Rd3 Kh8 30. Bc3 Re7 31. Rg3 Rce8 32. e5 fxe5 33. fxe5
Nxe5 34. Rf1 Qg8 35. Bg6 Nxg6 36. Rxg6 Re5 37. Rxd6 Bc6 38. Rxh6+ {1-0 (38)
Martinovic,S (2475)-Bukic,E (2500) Skender Vakuf 1980}) 10... Qc7 11. Nf1 b5
12. g4 (12. Bf4 Ne5 13. Ne3 Bc6 14. Nd2 Qb7 15. Bh2 c4 16. d4 Nd3 17. Bxd3 cxd3
18. f3 Qb6 19. Qb1 b4 20. Qxd3 bxc3 21. bxc3 d5 22. a4 a5 23. Kh1 Rfd8 24. Reb1
Qa7 25. e5 Nd7 26. c4 Qa6 27. Qb3 Rb8 28. Qc2 dxc4 29. Ndxc4 Rb4 30. Rxb4 Bxb4
31. Nd6 Ba8 32. Bg3 Qc6 33. Qxc6 Bxc6 34. Be1 Bxe1 35. Rxe1 Nb6 36. Rb1 Nxa4
37. Nec4 Nc3 38. Rb3 Ne2 39. Nxa5 Bd5 40. Rb4 h5 41. Rb2 Nxd4 42. Rd2 Ra8 43.
Rxd4 Rxa5 44. Rh4 g6 45. Rf4 Ra7 46. h4 Bc6 47. Rc4 Ra6 48. Kh2 Kg7 49. Rf4 Ra7
50. Kg3 Bd5 51. Rf6 Rd7 52. Rf4 Ra7 53. Ne8+ Kf8 54. Nf6 Kg7 55. Rd4 Ra2 56.
Nxd5 exd5 57. Rxd5 Re2 58. Ra5 Kf8 59. f4 Re3+ 60. Kf2 Rb3 61. Ra8+ Kg7 62. Ra2
Rc3 63. Re2 Ra3 64. Re3 Ra2+ 65. Kf3 Ra1 66. Kg3 Ra2 67. Rb3 Ra4 68. Kf3 Ra1
69. Rc3 Rb1 70. Kg3 Rb4 71. Rd3 Ra4 72. Rd7 Ra3+ 73. Kf2 Kf8 74. Rd6 Kg7 75.
Rd2 {1/2-1/2 (75) Barlov,D (2405) -Cebalo,M (2495) Vrbas 1982}) 12... b4 13. c4
Be8 14. Ng3 Nd7 15. Ba4 Nde5 16. Bxc6 Nxf3+ 17. Qxf3 Bxc6 18. b3 Bf6 19. Rb1
Bc3 20. Re2 g6 21. Bh6 Rfe8 22. Rc1 Be5 23. Qg2 a5 24. Be3 a4 25. f4 Bg7 26. h4
axb3 27. axb3 Ra8 28. h5 Ra3 29. Rb1 Rea8 30. Qh3 Ra1 31. Rxa1 Rxa1+ 32. Nf1
Bd4 33. Bxd4 cxd4 34. f5 g5 35. h6 f6 36. Qh2 e5 37. Ra2 Rxa2 38. Qxa2 Qb6 39.
Nd2 Kf7 40. Nf3 Ke7 41. Kf2 Bxe4 42. dxe4 d3+ 43. Kg3 Qe3 44. c5 dxc5 45. Qa7+
Kd8 46. Qb6+ Kc8 47. Qe6+ Kb7 48. Qf7+ Ka8 49. Qg8+ Ka7 50. Qxh7+ Kb6 51. Qe7
1-0